[Event "World Senior Teams +65"]
[Site "Radebeul GER"]
[Date "2016.07.04"]
[Round "9.14"]
[Board "1"]
[White "Kolbak, Jens"]
[Black "Kristiansen, Erling"]
[Result "1-0"]
[BlackTitle "FM"]
[WhiteElo "2178"]
[BlackElo "2147"]
[WhiteTeam "Denmark"]
[BlackTeam "Norway Veteran"]
[WhiteFideId "1400339"]
[BlackFideId "1500244"]
[EventDate "2016.06.26"]

1. e4 e5 2. Nf3 Nc6 3. Bb5 Nf6 4. d3 d6 5. c3 Be7 6. h3 Bd7 7. O-O O-O 8. Re1
Ne8 9. d4 Bf6 10. d5 Ne7 11. Bxd7 Qxd7 12. c4 g6 13. Nc3 Bg7 14. Qa4 Qc8 15. Bd2
h6 16. Rac1 f5 17. c5 dxc5 18. Qc4 Rf7 19. Qxc5 b6 20. Qc4 Nd6 21. Qe2 f4 22.
Nb5 Nxb5 23. Qxb5 Qd8 24. Bc3 Qd6 25. Bb4 Qd8 26. Bxe7 Rxe7 27. Rc6 Qe8 28. Qc4
g5 29. Rxc7 Rxc7 30. Qxc7 Kh8 31. Rc1 Qa4 32. Qc6 1-0

[Event "World Senior Teams +65"]
[Site "Radebeul GER"]
[Date "2016.07.04"]
[Round "9.14"]
[Board "2"]
[White "Henrichsen, Erland"]
[Black "Olesen, Poul Erik Norgaard"]
[Result "1/2-1/2"]
[WhiteElo "1943"]
[BlackElo "2020"]
[WhiteTeam "Norway Veteran"]
[BlackTeam "Denmark"]
[WhiteFideId "1512722"]
[BlackFideId "1404253"]
[EventDate "2016.06.26"]

1. d4 g6 2. Nf3 Bg7 3. g3 Nf6 4. c4 O-O 5. Bg2 d6 6. Nc3 c6 7. O-O Qa5 8. e4 e5
9. dxe5 dxe5 10. Qc2 Nbd7 11. Rb1 Qc7 12. b4 Re8 13. c5 Nf8 14. h3 Ne6 15. Be3
Bd7 16. Rfd1 Bf8 17. Ng5 Rad8 18. Nxe6 Bxe6 19. a4 Rxd1+ 20. Rxd1 Rd8 21. Rxd8
Qxd8 22. Bg5 h6 23. Qd2 Qxd2 24. Bxd2 a5 25. bxa5 Nd7 26. Bf1 Nxc5 27. Be3 Bb3
28. f3 Nxa4 29. Nxa4 Bxa4 30. a6 bxa6 31. Bxa6 Bb5 32. Bb7 h5 33. g4 hxg4 34.
fxg4 Be7 35. Kf2 Kf8 36. g5 Ke8 37. Bc8 Kd8 38. Bg4 Kc7 39. h4 c5 40. h5 gxh5
41. Bxh5 Be8 42. Be2 Kb6 43. Bd2 f6 44. gxf6 Bxf6 45. Bc3 Bf7 46. Kg3 Bg6 47.
Bd3 Bh5 48. Bc4 Bd1 49. Bd3 Kc6 50. Kh3 Kd6 51. Kg3 Bg5 52. Bc4 Bf4+ 53. Kf2 Bg4
54. Ba5 Be6 55. Bc7+ Kd7 56. Bxe6+ Kxe6 57. Ke2 Kd7 58. Ba5 Kc6 59. Kd3 Kb5 60.
Bc7 Bg3 61. Bb8 Kb4 62. Bd6 Bh2 63. Be7 Bg1 64. Bd6 Bd4 65. Kc2 Kc4 66. Bc7 Kb4
67. Bd6 Kb5 68. Kb3 c4+ 69. Kc2 Kc6 70. Bb8 Kd7 71. Kd2 Ke6 72. Bc7 Kf6 73. Ke2
Kg5 74. Kf3 c3 75. Ba5 Kh5 76. Ke2 Kg4 77. Kd3 Kf3 78. Bb4 Kf2 79. Ba5 Kf3 80.
Bb4 Kf4 81. Ba5 Kf3 82. Bb4 c2 83. Kxc2 Kxe4 84. Bd6 1/2-1/2

[Event "World Senior Teams +65"]
[Site "Radebeul GER"]
[Date "2016.07.04"]
[Round "9.14"]
[Board "3"]
[White "Jorgensen, Arne Bjorn"]
[Black "Jenkins, Tom Ivar"]
[Result "1/2-1/2"]
[WhiteElo "1955"]
[BlackElo "1873"]
[WhiteTeam "Denmark"]
[BlackTeam "Norway Veteran"]
[WhiteFideId "1406680"]
[BlackFideId "1509756"]
[EventDate "2016.06.26"]

1. d4 d5 2. Nf3 Nf6 3. c4 e6 4. Nc3 c6 5. e3 b6 6. Bd3 Bd6 7. O-O O-O 8. b3 Bb7
9. Bb2 Nbd7 10. Qe2 e5 11. cxd5 cxd5 12. dxe5 Nxe5 13. Bf5 Nxf3+ 14. Qxf3 Qe7 1/2-1/2

[Event "World Senior Teams +65"]
[Site "Radebeul GER"]
[Date "2016.07.04"]
[Round "9.14"]
[Board "4"]
[White "Hellem, Gunnar"]
[Black "Andersson, Finn"]
[Result "0-1"]
[WhiteElo "1627"]
[BlackElo "1816"]
[WhiteTeam "Norway Veteran"]
[BlackTeam "Denmark"]
[WhiteFideId "1514164"]
[BlackFideId "1420232"]
[EventDate "2016.06.26"]

1. e4 c5 2. Nf3 Nc6 3. d4 cxd4 4. Nxd4 Nf6 5. Nc3 e5 6. Nf3 Bb4 7. Bd2 Bxc3 8.
Bxc3 Nxe4 9. Bxe5 Nxe5 10. Nxe5 Qa5+ 11. c3 Qxe5 12. Qe2 Qe6 13. O-O-O O-O 14.
Kb1 Qf5 15. g4 Nxc3+ 16. Ka1 Qe4 17. Qxe4 Nxe4 18. Rd4 Nxf2 19. Rg1 d5 20. Bg2
Be6 21. h3 Rac8 22. Kb1 Rc7 23. Rf1 Ne4 24. Bxe4 dxe4 25. Rxe4 0-1

[Event "World Senior Teams +65"]
[Site "Radebeul GER"]
[Date "2016.07.04"]
[Round "9.15"]
[Board "1"]
[White "Danner, Lambert"]
[Black "Eskandary, Jahya"]
[Result "1-0"]
[WhiteElo "2086"]
[BlackElo "2065"]
[WhiteTeam "Wien 2"]
[BlackTeam "Dresdner Springer"]
[WhiteFideId "1305840"]
[BlackFideId "4665708"]
[EventDate "2016.06.26"]

1. g3 e5 2. c4 d6 3. Nc3 c6 4. Bg2 Nf6 5. d4 Nbd7 6. Nf3 Be7 7. O-O Qc7 8. e4
Nf8 9. h3 Ng6 10. Be3 Bd7 11. Rc1 Qc8 12. Kh2 h5 13. Ng5 Ng4+ 14. hxg4 hxg4+ 15.
Kg1 f6 16. f4 exf4 17. Bxf4 fxg5 18. Be3 Qc7 19. Qd3 Rh6 20. b4 Bf6 21. b5 Kf8
22. Bxg5 Rh5 23. Bxf6 gxf6 24. Rxf6+ Kg7 25. e5 Rh6 26. exd6 Qd8 27. Rcf1 Qxf6
28. Rxf6 Kxf6 29. bxc6 bxc6 30. Ne4+ Kg7 31. Nc5 Rd8 32. Nxd7 Rxd7 33. c5 Rb7
34. Qc2 Rf7 35. Bxc6 Rh3 36. Kg2 Rf8 37. Qe4 Rfh8 38. Qxg4 Rh2+ 39. Kf3 Rxa2 40.
Qd7+ Kf6 41. Bd5 Ra3+ 42. Kg4 Rf8 43. Be4 1-0

[Event "World Senior Teams +65"]
[Site "Radebeul GER"]
[Date "2016.07.04"]
[Round "9.15"]
[Board "2"]
[White "Bec, Dietmar"]
[Black "Eidenberger, Otto"]
[Result "1/2-1/2"]
[WhiteElo "2056"]
[BlackElo "2000"]
[WhiteTeam "Dresdner Springer"]
[BlackTeam "Wien 2"]
[WhiteFideId "4629590"]
[BlackFideId "1621874"]
[EventDate "2016.06.26"]

1. d4 Nf6 2. c4 e6 3. a3 d5 4. cxd5 exd5 5. Nc3 Be7 6. Bg5 O-O 7. e3 c6 8. Bd3
Bg4 9. Qc2 Nbd7 10. h3 Bh5 11. Bxf6 Nxf6 12. f4 Ne4 13. Nxe4 dxe4 14. Bxe4 Bh4+
15. Kf1 Qe7 16. Bxh7+ Kh8 17. Qe4 1/2-1/2

[Event "World Senior Teams +65"]
[Site "Radebeul GER"]
[Date "2016.07.04"]
[Round "9.15"]
[Board "3"]
[White "Karlstoetter, Kurt"]
[Black "Zoephel, Heinz"]
[Result "1/2-1/2"]
[WhiteElo "1848"]
[BlackElo "1990"]
[WhiteTeam "Wien 2"]
[BlackTeam "Dresdner Springer"]
[WhiteFideId "1642863"]
[BlackFideId "24647241"]
[EventDate "2016.06.26"]

1. e4 e5 2. Nf3 Nf6 3. Nxe5 d6 4. Nf3 Nxe4 5. Nc3 Nf6 6. d4 d5 7. Bd3 Nc6 8. O-O
Bd6 9. Re1+ Be6 10. Bf5 Qd7 11. Ng5 Nd8 12. Qd3 c6 13. Qh3 Ke7 14. Bd2 g6 15.
Nxe6 Nxe6 16. Bg5 h6 17. Bxe6 fxe6 18. Bd2 Kf7 1/2-1/2

[Event "World Senior Teams +65"]
[Site "Radebeul GER"]
[Date "2016.07.04"]
[Round "9.16"]
[Board "1"]
[White "Liebert, Heinz"]
[Black "Hutchinson, Norman A"]
[Result "1-0"]
[WhiteTitle "IM"]
[WhiteElo "2182"]
[BlackElo "2061"]
[WhiteTeam "Sachsen-Anhalt"]
[BlackTeam "England 2"]
[WhiteFideId "4611438"]
[BlackFideId "411540"]
[EventDate "2016.06.26"]

1. c4 e6 2. Nf3 d5 3. g3 d4 4. e3 c5 5. exd4 cxd4 6. d3 Nc6 7. Bg2 Nf6 8. O-O
Bd6 9. a3 a5 10. Re1 O-O 11. b3 e5 12. Nbd2 Bf5 13. Qc2 Rc8 14. Bb2 Re8 15. Ng5
Nd7 16. Nge4 Bf8 17. Rad1 Bg4 18. f3 Be6 19. Qb1 Qb6 20. Ng5 Bf5 21. Bh3 Bxh3
22. Nxh3 Nc5 23. Bc1 Bd6 24. Ne4 Bf8 25. Nxc5 Bxc5 26. Re2 Qc7 27. Rde1 Qd6 28.
Qb2 Qd7 29. Nf2 f5 30. Kg2 Re6 31. Bd2 Rce8 32. b4 axb4 33. axb4 Ba7 34. b5 Nd8
35. Bb4 Nf7 36. Qa2 Bb8 37. Bd2 Bd6 38. Nh3 h6 39. Qa7 Bb8 40. Qa3 h5 41. Nf2
Bd6 42. Bb4 Bxb4 43. Qxb4 1-0

[Event "World Senior Teams +65"]
[Site "Radebeul GER"]
[Date "2016.07.04"]
[Round "9.16"]
[Board "2"]
[White "Reuben, Stewart"]
[Black "Bondick, Karl-Heinz"]
[Result "1-0"]
[WhiteTitle "CM"]
[WhiteElo "2033"]
[BlackElo "2055"]
[WhiteTeam "England 2"]
[BlackTeam "Sachsen-Anhalt"]
[WhiteFideId "405256"]
[BlackFideId "4692071"]
[EventDate "2016.06.26"]

1. c4 e5 2. g3 Nf6 3. Bg2 d5 4. cxd5 Nxd5 5. Nc3 Ne7 6. d3 Nf5 7. Nf3 Nc6 8. O-O
Be7 9. a3 a5 10. Nb5 Be6 11. e4 Nd6 12. Qa4 O-O 13. Be3 f6 14. Rfd1 Rc8 15. Nxd6
Bxd6 16. d4 exd4 17. Nxd4 Nxd4 18. Bxd4 c5 19. Bc3 Qc7 20. Qxa5 b6 21. Qb5 Kh8
22. Rd2 c4 23. Rxd6 Qxd6 24. Bb4 Qe5 25. Qxe5 fxe5 26. Bxf8 Rxf8 27. Rd1 Rb8 28.
Rd6 Bf7 29. Rd7 Kg8 30. Re7 b5 31. Rxe5 b4 32. axb4 Rxb4 33. Rc5 Kf8 34. Bf1 Ke7
35. Rc7+ Ke8 36. Be2 h5 37. Kf1 g6 38. f4 Be6 39. h4 Kd8 40. Rc5 Rxb2 41. f5
gxf5 42. exf5 Bf7 43. f6 Rb3 44. Kf2 Rb6 45. Bxh5 Bxh5 46. Rxh5 Rxf6+ 47. Ke3
Rc6 48. Rd5+ Ke7 49. Rd2 Kf6 50. Ke4 Rc8 51. Rf2+ Ke6 52. g4 Rh8 53. Rh2 Rg8 54.
g5 c3 55. Kd3 Rc8 56. Rf2 Ke5 57. h5 Rh8 58. h6 1-0

[Event "World Senior Teams +65"]
[Site "Radebeul GER"]
[Date "2016.07.04"]
[Round "9.16"]
[Board "3"]
[White "Bocionek, Dieter"]
[Black "Thynne, Trefor F"]
[Result "1/2-1/2"]
[WhiteElo "1956"]
[BlackElo "1988"]
[WhiteTeam "Sachsen-Anhalt"]
[BlackTeam "England 2"]
[WhiteFideId "12944106"]
[BlackFideId "419893"]
[EventDate "2016.06.26"]

1. d4 d5 2. Nc3 Nf6 3. Bg5 Bf5 4. e3 Nbd7 5. Bd3 Bg6 6. Nf3 e6 7. O-O Be7 8. Ne2
Ne4 9. Bxe7 Qxe7 10. Nf4 Bf5 11. Nd2 1/2-1/2

[Event "World Senior Teams +65"]
[Site "Radebeul GER"]
[Date "2016.07.04"]
[Round "9.16"]
[Board "4"]
[White "Cooper, John G"]
[Black "Ruemmler, Roland"]
[Result "1/2-1/2"]
[WhiteElo "1941"]
[BlackElo "1952"]
[WhiteTeam "England 2"]
[BlackTeam "Sachsen-Anhalt"]
[WhiteFideId "416096"]
[BlackFideId "4636180"]
[EventDate "2016.06.26"]

1. e4 d6 2. d4 Nf6 3. Nc3 g6 4. f4 Bg7 5. Nf3 O-O 6. Bd3 c5 7. dxc5 dxc5 8. O-O
Nc6 9. e5 Ng4 10. Kh1 b6 11. h3 Nh6 12. Be4 Bb7 1/2-1/2

[Event "World Senior Teams +65"]
[Site "Radebeul GER"]
[Date "2016.07.04"]
[Round "9.17"]
[Board "2"]
[White "Benninger, Rudolf"]
[Black "Byrne, Ray"]
[Result "1/2-1/2"]
[WhiteElo "2099"]
[BlackElo "1987"]
[WhiteTeam "Hessen 2"]
[BlackTeam "Ireland"]
[WhiteFideId "4699564"]
[BlackFideId "2500922"]
[EventDate "2016.06.26"]

1. e4 e5 2. Nf3 Nc6 3. d4 exd4 4. Bc4 Nf6 5. e5 d5 6. Bb5 Ne4 7. Nxd4 Bc5 8. Be3
Bd7 9. Bxc6 bxc6 10. O-O O-O 11. f3 Ng5 12. f4 Ne4 13. Nd2 Nxd2 14. Qxd2 Qe7 15.
Rac1 Bb6 16. c3 Rae8 17. Nf3 Bf5 18. h3 f6 19. Bxb6 axb6 20. Qd4 Be4 21. exf6 1/2-1/2

[Event "World Senior Teams +65"]
[Site "Radebeul GER"]
[Date "2016.07.04"]
[Round "9.17"]
[Board "3"]
[White "Daly, Patrick"]
[Black "Niebling, Ferdinand"]
[Result "1/2-1/2"]
[WhiteElo "1912"]
[BlackElo "2132"]
[WhiteTeam "Ireland"]
[BlackTeam "Hessen 2"]
[WhiteFideId "2503131"]
[BlackFideId "4638425"]
[EventDate "2016.06.26"]

1. d4 f5 2. g3 Nf6 3. Bg2 g6 4. Nf3 d6 5. O-O Bg7 6. c4 O-O 7. Nc3 Qe8 8. Bg5 c6
9. Rc1 Nbd7 10. Re1 h6 11. Bd2 Ne4 12. e3 Ndf6 13. Re2 Qf7 14. b3 g5 15. Ne1 Bd7
16. f4 Rad8 17. Qc2 Nxd2 18. Qxd2 e5 19. d5 c5 20. fxe5 dxe5 21. Rf2 Ng4 22. Rf1
e4 23. Nxe4 Nxe3 24. Rf3 Nxg2 25. Kxg2 g4 26. Rf1 Qe7 27. Nf2 Rde8 28. Ned3 b6
29. Rce1 Qg5 30. Qxg5 hxg5 31. Rxe8 Rxe8 32. Re1 1/2-1/2

[Event "World Senior Teams +65"]
[Site "Radebeul GER"]
[Date "2016.07.04"]
[Round "9.17"]
[Board "4"]
[White "Falk, Thomas"]
[Black "Murray, Jim G."]
[Result "1-0"]
[WhiteElo "2094"]
[BlackElo "1834"]
[WhiteTeam "Hessen 2"]
[BlackTeam "Ireland"]
[WhiteFideId "4634624"]
[BlackFideId "2501490"]
[EventDate "2016.06.26"]

1. Nf3 Nf6 2. c4 e6 3. g3 b6 4. Bg2 Bb7 5. O-O Be7 6. d4 O-O 7. Nc3 d6 8. Qc2
Nbd7 9. e4 e5 10. b3 Re8 11. Bb2 Bf8 12. Rfe1 g6 13. Rad1 exd4 14. Nxd4 Bg7 15.
Nd5 a6 16. Nxf6+ Bxf6 17. Bc1 Bg7 18. f4 Rb8 19. Ne2 Qc8 20. Nc3 Nf6 21. Bb2 Ba8
22. Rd2 b5 23. Nd5 Bxd5 24. cxd5 Re7 25. Rde2 Ne8 26. Bxg7 Kxg7 27. e5 Qb7 28.
Qc3 Kg8 29. g4 b4 30. Qf3 Qb6+ 31. Kh1 Qd4 32. Qe4 Qc3 33. Qc2 Rb5 34. Qxc3 bxc3
35. Kg1 Rc5 36. Kf2 c2 37. Rc1 dxe5 38. fxe5 Ng7 39. Kg3 h5 40. h3 g5 41. Be4 c6
42. dxc6 h4+ 43. Kh2 Ne8 44. Rcxc2 Rexe5 45. Rxc5 Rxc5 46. b4 Rc3 47. Bd5 Nc7
48. Bg2 Kf8 49. Rd2 Re3 50. Rd8+ Re8 51. Rxe8+ Kxe8 52. a4 Ke7 53. Bf1 Kd6 54.
b5 axb5 55. axb5 Nd5 56. Kg2 Ne7 57. Kf3 Kc7 58. Ke4 f6 59. Kd4 Kb6 60. Be2 f5
61. gxf5 Nxf5+ 62. Ke5 Ne3 63. Ke4 Ng2 64. Bg4 Ne1 65. Kf5 Nc2 66. Kxg5 Nd4 67.
Kxh4 Nxb5 68. Bd7 Kc7 69. Kg5 Kd6 70. Kf6 Nd4 71. h4 Nf3 72. h5 Ne5 73. h6 Nxd7+
74. cxd7 1-0

[Event "World Senior Teams +65"]
[Site "Radebeul GER"]
[Date "2016.07.04"]
[Round "9.18"]
[Board "1"]
[White "Schroeter, Helmut"]
[Black "Smeets, Pierre"]
[Result "1/2-1/2"]
[WhiteElo "2073"]
[BlackElo "2119"]
[WhiteTeam "TuR Dresden"]
[BlackTeam "Oranje 3"]
[WhiteFideId "24631779"]
[BlackFideId "1043820"]
[EventDate "2016.06.26"]

1. e4 e6 2. d4 d5 3. Nd2 Be7 4. c3 c5 5. Ngf3 cxd4 6. cxd4 Nf6 7. Bd3 Nc6 8. O-O
O-O 9. Re1 dxe4 10. Nxe4 Bd7 11. a3 Rc8 12. Bf4 Be8 13. Nc3 Kh8 14. Bc2 Qa5 15.
b4 Qh5 16. Ne4 Rd8 17. Ng3 Qd5 18. Bb3 Qd7 19. Ne2 Nd5 20. Bg3 Bf6 21. Rc1 Rc8
22. Ba4 Qd8 23. Qc2 Nb6 24. Bxc6 1/2-1/2

[Event "World Senior Teams +65"]
[Site "Radebeul GER"]
[Date "2016.07.04"]
[Round "9.18"]
[Board "2"]
[White "Mostertman, Loek"]
[Black "Appelt, Gerd"]
[Result "1/2-1/2"]
[WhiteElo "1958"]
[BlackElo "2011"]
[WhiteTeam "Oranje 3"]
[BlackTeam "TuR Dresden"]
[WhiteFideId "1010425"]
[BlackFideId "4691342"]
[EventDate "2016.06.26"]

1. d4 Nf6 2. c4 e6 3. Nc3 Bb4 4. e3 O-O 5. Ne2 b6 6. a3 Be7 7. e4 Bb7 8. Ng3 d5
9. cxd5 exd5 10. e5 Nfd7 11. f4 c5 12. dxc5 Nxc5 13. b4 Ne4 14. Ngxe4 dxe4 15.
Be3 a5 16. Qxd8 Bxd8 1/2-1/2

[Event "World Senior Teams +65"]
[Site "Radebeul GER"]
[Date "2016.07.04"]
[Round "9.18"]
[Board "3"]
[White "Seibt, Manfred"]
[Black "Mentink, Toon"]
[Result "1/2-1/2"]
[WhiteElo "1987"]
[BlackElo "1853"]
[WhiteTeam "TuR Dresden"]
[BlackTeam "Oranje 3"]
[WhiteFideId "24639869"]
[BlackFideId "1017322"]
[EventDate "2016.06.26"]

1. d4 d5 2. c4 e5 3. dxe5 d4 4. Nf3 Nc6 5. e4 Bg4 6. a3 Qd7 7. Qd3 O-O-O 8. Nbd2
f5 9. exf6 gxf6 10. Be2 h5 11. b4 Bh6 12. b5 Ne5 13. Nxe5 Bxd2+ 14. Kxd2 fxe5 1/2-1/2

[Event "World Senior Teams +65"]
[Site "Radebeul GER"]
[Date "2016.07.04"]
[Round "9.19"]
[Board "1"]
[White "Svensson, Leif 1940"]
[Black "Johansson, Per"]
[Result "1-0"]
[WhiteElo "2072"]
[BlackElo "1935"]
[WhiteTeam "Sweden 2"]
[BlackTeam "Sweden 3"]
[WhiteFideId "1702459"]
[BlackFideId "1703552"]
[EventDate "2016.06.26"]

1. d4 d5 2. Nc3 c6 3. Bg5 Nf6 4. e3 Bf5 5. Bd3 Bxd3 6. cxd3 e6 7. Nf3 Be7 8. O-O
h6 9. Bxf6 Bxf6 10. b4 Nd7 11. Qb3 O-O 12. a4 e5 13. dxe5 Nxe5 14. Nxe5 Bxe5 15.
d4 Bd6 16. b5 a5 17. Rfc1 Re8 18. Ne2 Qd7 19. bxc6 bxc6 20. Qc2 Re6 21. g3 Rc8
22. Rab1 Bb4 23. Nf4 Rd6 24. Nd3 Ba3 25. Nc5 Qe8 26. Rd1 Bxc5 27. Qxc5 Qd8 28.
Rb6 Re6 29. Rdb1 Qe7 30. Qxe7 Rxe7 31. Rc1 Rec7 32. Rc5 Kf8 33. Rxa5 c5 34. Rxc5
Rxc5 35. dxc5 Rxc5 36. Rb7 Rc1+ 37. Kg2 Ra1 38. Ra7 g6 39. g4 Kg7 40. h4 Kf6 41.
a5 Ke6 42. a6 f5 43. gxf5+ Kxf5 44. Kf3 Ra4 45. Ra8 Ke5 46. a7 1-0

[Event "World Senior Teams +65"]
[Site "Radebeul GER"]
[Date "2016.07.04"]
[Round "9.19"]
[Board "2"]
[White "Sandklef, Ake"]
[Black "Degerfeldt, Sven"]
[Result "1-0"]
[WhiteElo "1917"]
[BlackElo "1962"]
[WhiteTeam "Sweden 3"]
[BlackTeam "Sweden 2"]
[WhiteFideId "1708724"]
[BlackFideId "1717430"]
[EventDate "2016.06.26"]

1. d4 d5 2. c4 e6 3. Nf3 Nf6 4. Nc3 c6 5. e3 Nbd7 6. Bd3 Be7 7. O-O O-O 8. b3 b6
9. Bb2 Bb7 10. Rc1 Rc8 11. Qe2 c5 12. Rfd1 cxd4 13. exd4 Re8 14. Rc2 g6 15. cxd5
exd5 16. Nb5 a6 17. Rxc8 Qxc8 18. Rc1 Qb8 19. Nc7 Rc8 20. Qxe7 Rxc7 21. Rxc7
Qxc7 22. Ne5 Qc8 23. Qxf7+ Kh8 24. Qe7 Bc6 25. Bc1 Bb5 26. Bh6 Nh5 27. Bxb5 Nxe5
28. Qxe5+ Kg8 29. Qxd5+ 1-0

[Event "World Senior Teams +65"]
[Site "Radebeul GER"]
[Date "2016.07.04"]
[Round "9.19"]
[Board "3"]
[White "Svensson, Soren"]
[Black "Nyberg, Bo"]
[Result "1-0"]
[WhiteElo "1952"]
[BlackElo "1899"]
[WhiteTeam "Sweden 2"]
[BlackTeam "Sweden 3"]
[WhiteFideId "1714937"]
[BlackFideId "1710583"]
[EventDate "2016.06.26"]

1. d4 e6 2. c4 d5 3. cxd5 exd5 4. Nc3 f5 5. Nf3 Nf6 6. Qc2 c6 7. Bf4 Be7 8. e3
O-O 9. Bd3 Ne4 10. h4 Kh8 11. g3 Nd7 12. Ne5 Ndf6 13. f3 Nd6 14. h5 Qe8 15. g4
Kg8 16. Qh2 Nc4 17. Nxc4 dxc4 18. Bxc4+ Kh8 19. g5 Nd5 20. h6 Qg6 21. Be5 Rd8
22. hxg7+ Kg8 23. e4 fxe4 24. fxe4 b5 25. Bb3 Be6 26. exd5 Bxd5 27. Bxd5+ cxd5
28. Qh6 b4 29. Qxg6 hxg6 30. Nxd5 Bxg5 31. Ke2 Rac8 32. Rh8+ Kf7 33. Rf1+ Ke6
34. Rxd8 Rxd8 35. Rf8 1-0

[Event "World Senior Teams +65"]
[Site "Radebeul GER"]
[Date "2016.07.04"]
[Round "9.19"]
[Board "4"]
[White "Forslund, Lennart"]
[Black "Ekelund, Kurt"]
[Result "0-1"]
[WhiteElo "1856"]
[BlackElo "1952"]
[WhiteTeam "Sweden 3"]
[BlackTeam "Sweden 2"]
[WhiteFideId "1720473"]
[BlackFideId "1706667"]
[EventDate "2016.06.26"]

1. Nf3 Nf6 2. b3 g6 3. Bb2 Bg7 4. e3 d6 5. d4 O-O 6. Be2 c6 7. O-O Nbd7 8. Nbd2
a5 9. c4 Qc7 10. Qc2 Re8 11. Rfd1 b6 12. e4 e5 13. Rac1 Ba6 14. dxe5 dxe5 15.
Nf1 Nc5 16. Ng3 Nfd7 17. Ba3 Rad8 18. Ne1 Ne6 19. Bg4 Nd4 20. Qc3 Nf6 21. Bf3 h5
22. Nc2 h4 23. Nf1 Nxe4 24. Qe3 Nc5 25. Bxc5 bxc5 26. Qe4 Nxf3+ 27. Qxf3 e4 28.
Qe2 Bc8 29. Rxd8 Qxd8 30. Ra1 Qe7 31. Qd2 Bg4 32. Re1 a4 33. f3 axb3 34. axb3
Bf5 35. g4 hxg3 36. hxg3 Qb7 37. Qe3 Qb6 38. Rd1 Be6 39. fxe4 Rb8 40. Rd3 Ra8
41. e5 Ra2 42. Ne1 Bg4 43. Nd2 Bf5 44. Rd6 Bf8 45. Rf6 Bg7 46. Nef3 Bxf6 47.
exf6 Qd8 48. Qe7 Ra8 49. Ne5 Ra1+ 50. Nf1 Qd4+ 51. Kg2 Qe4+ 52. Kg1 Qe3+ 0-1

[Event "World Senior Teams +65"]
[Site "Radebeul GER"]
[Date "2016.07.04"]
[Round "9.20"]
[Board "1"]
[White "Burda, Walter"]
[Black "Fenwick, Hugh F"]
[Result "1/2-1/2"]
[WhiteElo "2062"]
[BlackElo "1912"]
[WhiteTeam "SV Dresden-Striesen 1990 e.V."]
[BlackTeam "England 3"]
[WhiteFideId "16203321"]
[BlackFideId "408387"]
[EventDate "2016.06.26"]

1. e4 e6 2. d4 d5 3. Nc3 Bb4 4. e5 b6 5. Qg4 Bf8 6. Bd3 Qd7 7. f4 Ne7 8. Nge2
Ba6 9. Qf3 Bxd3 10. Qxd3 Nf5 11. g4 Nh6 12. h3 c5 13. Be3 Nc6 14. a3 Be7 15. O-O
Rd8 16. Rad1 c4 17. Qd2 Ng8 18. f5 h5 19. fxe6 fxe6 20. g5 Qc8 21. h4 Bf8 22.
Rf3 Nge7 23. Ng3 Ng6 24. Qh2 Rd7 25. Rdf1 a6 26. Nce2 Nd8 27. c3 Rf7 28. Nf4
Nxf4 29. Bxf4 g6 30. Qc2 Rg8 31. Qa4+ b5 32. Qc2 Be7 33. Bd2 Qd7 34. Ne2 Rfg7
35. Nf4 Nc6 36. Be1 Bd8 37. Qf2 Be7 38. Ng2 Kd8 39. Rf7 Kc8 40. Qc2 Qe8 41. R7f3
Bd8 42. Nf4 Qd7 43. Qh2 Ne7 1/2-1/2

[Event "World Senior Teams +65"]
[Site "Radebeul GER"]
[Date "2016.07.04"]
[Round "9.20"]
[Board "2"]
[White "Ewart, Brian R"]
[Black "Groschup, Gerhard"]
[Result "1-0"]
[WhiteElo "1909"]
[BlackElo "1999"]
[WhiteTeam "England 3"]
[BlackTeam "SV Dresden-Striesen 1990 e.V."]
[WhiteFideId "415065"]
[BlackFideId "24679747"]
[EventDate "2016.06.26"]

1. d4 d5 2. Nf3 Nf6 3. c4 e6 4. g3 c6 5. Bg2 Nbd7 6. Qc2 Bd6 7. Nc3 O-O 8. O-O
b6 9. b3 Bb7 10. Bb2 Rc8 11. e3 Re8 12. Rfd1 Qe7 13. Qe2 Rc7 14. a4 Bb4 15. Ne5
Nxe5 16. dxe5 Nd7 17. cxd5 exd5 18. Na2 Nxe5 19. Bxe5 1-0

[Event "World Senior Teams +65"]
[Site "Radebeul GER"]
[Date "2016.07.04"]
[Round "9.20"]
[Board "3"]
[White "Deppe, Christian"]
[Black "Phillips, William"]
[Result "1/2-1/2"]
[WhiteElo "1850"]
[BlackElo "1852"]
[WhiteTeam "SV Dresden-Striesen 1990 e.V."]
[BlackTeam "England 3"]
[WhiteFideId "12911224"]
[BlackFideId "414344"]
[EventDate "2016.06.26"]

1. f4 e5 2. fxe5 d6 3. exd6 Bxd6 4. Nf3 Nc6 5. c3 Nf6 6. d4 O-O 7. Qd3 Re8 8.
Bg5 Bg4 9. Nbd2 h6 10. Bh4 Bf4 11. O-O-O Re3 12. Qc2 Qd7 13. Bxf6 Bf5 14. Qa4 b5
15. Qxb5 Rb8 16. Qc4 Qd5 17. b3 Qxc4 18. Nxc4 Rxc3+ 19. Kb2 Rxc4 20. e4 Rcb4 21.
exf5 gxf6 22. g3 Bd6 23. Be2 Nxd4 24. Nxd4 Be5 25. Kc2 Rxd4 26. Rxd4 Bxd4 27.
Bc4 Re8 1/2-1/2